|
|
|
|
| LEADER |
00000nam a2200000 a 4500 |
| 001 |
vtls001386192 |
| 003 |
SK-MaSNL |
| 005 |
20260224023223.0 |
| 008 |
180126sm y0 xx 0 und |
| 035 |
|
|
|a SNK000340348
|
| 040 |
|
|
|a SNK
|b slo
|c SNK
|e AACR2
|
| 245 |
1 |
|
|a STN DIN 4166 Pórobetónové dosky a pórobetónové presné dosky
|
| 260 |
|
|
|a Bratislava
|b Úrad pre normalizáciu, metrológiu a skúšobníctvo SR
|c 1999
|
| 300 |
|
|
|a 8 s.
|
| 999 |
|
|
|c 809667
|d 811597
|
| 952 |
|
|
|t P60, <03>, [BOOK], {603}
|a SNK
|b SNK
|y PREZ
|7 0
|p 17A0234336
|o snkSTN DIN 4166
|i snkN 195/2000
|0 0
|1 0
|4 0
|d 2000-03-31
|l 0
|r 2005-01-02 00:00:00
|w 2026-02-24
|
| 952 |
|
|
|t P60, <04>, [BOOK], {604}
|a SNK
|b SNK
|y VYP
|7 0
|p 17A0234337
|o snkSTN DIN 4166 D1
|i snkN 196/2000
|0 0
|1 0
|4 0
|d 2000-03-31
|l 0
|r 2005-01-02 00:00:00
|w 2026-02-24
|